Fin de semana en Etruria / (Record no. 132773)

MARC details
000 -LEADER
campo de control de longitud fija 00501nam a2200181 4500
001 - NÚMERO DE CONTROL
campo de control 132773
003 - IDENTIFICADOR DE NÚMERO DE CONTROL
campo de control ES-MaACL
005 - FECHA Y HORA DE LA ÚLTIMA TRANSACCIÓN
campo de control 20230906194239.0
007 - CAMPO FIJO DE DESCRIPCIÓN FÍSICA--INFORMACIÓN GENERAL
campo de control de longitud fija t|
008 - DATOS DE LONGITUD FIJA--INFORMACIÓN GENERAL
campo de control de longitud fija 070214s1972 sp r ||||1| spa d
080 ## - NÚMERO DE LA CLASIFICACIÓN DECIMAL UNIVERSAL
Número de la Clasificación Decimal Universal 821.134.2-31"19"
100 1# - ENTRADA PRINCIPAL--NOMBRE DE PERSONA
Nombre de persona Rosa, Julio M. de la.
9 (RLIN) 99606
245 10 - MENCIÓN DEL TÍTULO
Título Fin de semana en Etruria /
Mención de responsabilidad, etc. Julio Manuel de la Rosa.
260 ## - PUBLICACIÓN, DISTRIBUCIÓN, ETC.
Lugar de publicación, distribución, etc. Madrid :
Nombre del editor, distribuidor, etc. [Gráficas Espejo],
Fecha de publicación, distribución, etc. 1972.
300 ## - DESCRIPCIÓN FÍSICA
Extensión 132 p. ;
Dimensiones 18 cm.
586 ## - NOTA DE PREMIOS
Nota de premios Premio Sésamo 1971
852 ## - LOCALIZACIÓN
Ubicación ES-MaACL
Número de control de estantería C-44367
Holdings
Estatus retirado Estado de pérdida Estado de daño No para préstamo Biblioteca de origen Biblioteca actual Ubicación en estantería Fecha de adquisición Fuente de adquisición Total de préstamos Signatura topográfica completa Código de barras Visto por última vez Precio de reemplazo Tipo de ítem Koha
        Biblioteca del Ateneo de Madrid Biblioteca del Ateneo de Madrid Depósito 2 17/01/2008     C-44367 1138227 23/02/2023 23/02/2023 Libro impreso